[Event "TUR-ch"]
[Site "Kemer"]
[Date "2023.12.02"]
[Round "1"]
[White "Yilmazyerli, Mert"]
[Black "Tirpan, Ceren"]
[Result "1-0"]
[WhiteElo "2524"]
[BlackElo "1940"]
[PlyCount "75"]
[EventDate "2023.12.02"]
[EventType "tourn"]
[EventRounds "9"]
[EventCountry "TUR"]
[EventCategory "3"]
[SourceTitle "CB50_2023"]
[SourceDate "2023.12.13"]
[SourceVersion "1"]
[SourceVersionDate "2023.12.13"]
[SourceQuality "1"]

1. d4 Nf6 2. c4 e6 3. Nf3 b6 4. g3 Bb7 5. Bg2 Be7 6. 0-0 0-0 7. Re1 d5 8. cxd5 exd5 9. Nc3 Ne4 10. Bf4 Nxc3 11. bxc3 Nc6 12. Qd3 Na5 13. h4 h6 14. Ne5 Bd6 15. Rad1 Nc4 16. Qf5 Nb2 17. Rd2 Na4 18. Qc2 b5 19. Rb1 c6 20. e4 Rc8 21. Re2 a6 22. Bd2 c5 23. exd5 cxd4 24. Nc6 Bxc6 25. dxc6 Bxg3 26. cxd4 Bc7 27. Bb4 Bd6 28. d5 Bxb4 29. Rxb4 Qd6 30. Rg4 Rfd8 31. Re3 Qf6 32. Reg3 Nb6 33. Rxg7+ Qxg7 34. Rxg7+ Kxg7 35. Qc3+ Kg8 36. Qg3+ Kh8 37. Qe5+ Kg8 38. d6 1-0

[Event "Ankara Is Bank Cup Final"]
[Site "Ankara"]
[Date "2023.11.27"]
[Round "2.6"]
[White "Sanal, Vahap"]
[Black "Yilmazyerli, Mert"]
[Result "1-0"]
[WhiteElo "2608"]
[BlackElo "2533"]
[PlyCount "69"]
[EventDate "2023.11.26"]
[EventType "k.o."]
[EventRounds "2"]
[EventCountry "TUR"]
[SourceTitle "CB48_2023"]
[SourceDate "2023.11.29"]
[SourceVersion "1"]
[SourceVersionDate "2023.11.29"]
[SourceQuality "1"]

1. e4 e5 2. Nf3 Nc6 3. Bc4 Nf6 4. d3 h6 5. 0-0 d6 6. c3 g5 7. Nbd2 Bg7 8. d4 g4 9. dxe5 dxe5 10. Nh4 Nxe4 11. Nxe4 Qxh4 12. Be3 0-0 13. g3 Qh5 14. Bc5 Rd8 15. Qe2 Qg6 16. f3 Kh8 17. fxg4 Bxg4 18. Qg2 f5 19. Nf2 Rd2 20. h3 Be2 21. Bxe2 Rxe2 22. g4 fxg4 23. Qxg4 Qxg4+ 24. Nxg4 h5 25. Nf6 Rxb2 26. Nxh5 Rg8 27. Kh1 Bh6 28. Rf6 Kh7 29. Raf1 Rgg2 30. Bg1 Be3 31. Rf7+ Kh6 32. Bxe3+ Kxh5 33. R1f5+ Kh4 34. Rh7+ Kg3 35. Rg7+ 1-0

[Event "Ankara Is Bank Cup Final"]
[Site "Ankara"]
[Date "2023.11.27"]
[Round "2.3"]
[White "Yilmazyerli, Mert"]
[Black "Sanal, Vahap"]
[Result "1/2-1/2"]
[WhiteElo "2533"]
[BlackElo "2608"]
[PlyCount "35"]
[EventDate "2023.11.26"]
[EventType "k.o."]
[EventRounds "2"]
[EventCountry "TUR"]
[SourceTitle "CB48_2023"]
[SourceDate "2023.11.29"]
[SourceVersion "1"]
[SourceVersionDate "2023.11.29"]
[SourceQuality "1"]

1. d4 d5 2. c4 e6 3. Nc3 Nf6 4. cxd5 exd5 5. Bg5 Bb4 6. e3 h6 7. Bxf6 Qxf6 8. Qa4+ Nc6 9. Nf3 0-0 10. a3 Bxc3+ 11. bxc3 Qg6 12. Qd1 Re8 13. Nh4 Qf6 14. Nf3 Qg6 15. Nh4 Qf6 16. Nf3 Qg6 17. Nh4 Qf6 18. Nf3 1/2-1/2

[Event "Ankara Is Bank Cup Final"]
[Site "Ankara"]
[Date "2023.11.26"]
[Round "1.4"]
[White "Can, Emre"]
[Black "Yilmazyerli, Mert"]
[Result "1-0"]
[WhiteElo "2566"]
[BlackElo "2533"]
[PlyCount "69"]
[EventDate "2023.11.26"]
[EventType "k.o."]
[EventRounds "2"]
[EventCountry "TUR"]
[SourceTitle "CB48_2023"]
[SourceDate "2023.11.29"]
[SourceVersion "1"]
[SourceVersionDate "2023.11.29"]
[SourceQuality "1"]

1. d4 d5 2. c4 e6 3. Nf3 Nf6 4. g3 Be7 5. Bg2 0-0 6. 0-0 c6 7. Qc2 b6 8. Rd1 Nbd7 9. Nc3 Ba6 10. b3 Rc8 11. e4 Nxe4 12. Nxe4 dxe4 13. Qxe4 b5 14. Qc2 bxc4 15. bxc4 c5 16. dxc5 Qe8 17. c6 Nb6 18. Ne5 Bf6 19. Bb2 Bxe5 20. Bxe5 Nxc4 21. Bd6 Nxd6 22. Rxd6 Rc7 23. Rad1 Bc8 24. Qd2 Qe7 25. Qa5 Re8 26. f4 h6 27. h4 e5 28. Qxe5 Qxe5 29. fxe5 Be6 30. a4 Kf8 31. Rb1 Bc8 32. Rb8 Rxe5 33. Rd7 Re7 34. Rxc7 Rxc7 35. Bh3 1-0

[Event "Ankara Is Bank Cup Beyaz"]
[Site "Ankara"]
[Date "2023.11.23"]
[Round "2"]
[White "Yilmazyerli, Mert"]
[Black "Ciftci, Zeynep"]
[Result "1-0"]
[WhiteElo "2533"]
[BlackElo "2173"]
[PlyCount "59"]
[EventDate "2023.11.23"]
[EventType "tourn"]
[EventRounds "5"]
[EventCountry "TUR"]
[EventCategory "8"]
[SourceTitle "CB48_2023"]
[SourceDate "2023.11.29"]
[SourceVersion "1"]
[SourceVersionDate "2023.11.29"]
[SourceQuality "1"]

1. Nf3 d5 2. g3 Nd7 3. d4 Nb6 4. Nc3 Nf6 5. Bg2 h6 6. e4 dxe4 7. Ne5 Bf5 8. f3 exf3 9. Qxf3 e6 10. Qxb7 Bd6 11. Qc6+ Kf8 12. 0-0 Rb8 13. Qf3 Bxe5 14. dxe5 Ng4 15. Bf4 Nc4 16. Rad1 Qe7 17. Ne4 g5 18. Bc1 Ncxe5 19. Qe2 Kg7 20. b3 Bxe4 21. Bxe4 f5 22. Bb2 Rhd8 23. h3 Qc5+ 24. Kh1 Nf2+ 25. Rxf2 Rxd1+ 26. Qxd1 Qxf2 27. Bxe5+ Kg6 28. Bg2 Rb5 29. Bb2 Qxg3 30. Qd7 1-0

[Event "Qatar Masters op"]
[Site "Doha"]
[Date "2023.10.17"]
[Round "6"]
[White "Baskin, Robert"]
[Black "Yilmazyerli, Mert"]
[Result "1/2-1/2"]
[WhiteElo "2451"]
[BlackElo "2533"]
[PlyCount "150"]
[EventDate "2023.10.11"]
[EventType "swiss"]
[EventRounds "9"]
[EventCountry "QAT"]
[SourceTitle "Mega2024 Update 01"]
[Source "Chessbase"]
[SourceDate "2023.11.12"]
[SourceVersion "1"]
[SourceVersionDate "2023.11.12"]
[SourceQuality "1"]

1. e4 e5 2. Nf3 Nc6 3. Bb5 Nf6 4. 0-0 Nxe4 5. Re1 Nd6 6. Nxe5 Be7 7. Bf1 Nxe5 8. Rxe5 0-0 9. d4 Bf6 10. Re1 Re8 11. Bf4 Rxe1 12. Qxe1 Ne8 13. Nc3 d6 14. Bd3 Be6 15. d5 Bxc3 16. Qxc3 Bxd5 17. Bxh7+ Kxh7 18. Qd3+ Kg8 19. Qxd5 c6 20. Qd4 d5 21. Re1 Nc7 22. Bxc7 Qxc7 23. h4 Qd6 24. Re3 c5 25. Qe5 Rd8 26. Qxd6 Rxd6 27. Re8+ Kh7 28. Re7 Rb6 29. b3 f6 30. Rd7 d4 31. Rc7 Ra6 32. a4 d3 33. Rxc5 dxc2 34. Rxc2 Rb6 35. Rc3 Rb4 36. g3 a5 37. Rc5 Rxb3 38. Rxa5 Ra3 39. Kg2 b5 40. Rxb5 Rxa4 41. Kf3 Kh6 42. g4 Ra3+ 43. Kg2 Rc3 44. f3 Ra3 45. Kg3 Rc3 46. Rb8 Kh7 47. Re8 Ra3 48. h5 Rb3 49. Kf4 Rb5 50. Rd8 Ra5 51. Ke4 Re5+ 52. Kd3 Re1 53. Kd2 Re5 54. Rd4 Kh6 55. f4 Re6 56. Rd8 Kh7 57. Rd3 Re4 58. Rf3 Kh6 59. Kd3 Re1 60. Rg3 g6 61. hxg6 Kxg6 62. Rg2 Kg7 63. Re2 Rg1 64. Ke4 Kg6 65. Kf3 Rf1+ 66. Rf2 Ra1 67. Kg3 Rg1+ 68. Kf3 Ra1 69. Rh2 Ra3+ 70. Kg2 Ra2+ 71. Kg3 Ra3+ 72. Kh4 f5 73. gxf5+ Kxf5 74. Rh3 Rxh3+ 75. Kxh3 Kxf4 1/2-1/2

[Event "TUR-chT"]
[Site "Ankara"]
[Date "2023.07.19"]
[Round "10.33"]
[White "Can, Emre"]
[Black "Yilmazyerli, Mert"]
[Result "1-0"]
[WhiteElo "2570"]
[BlackElo "2542"]
[PlyCount "107"]
[EventDate "2023.07.10"]
[EventType "team-tourn"]
[EventRounds "11"]
[EventCountry "TUR"]
[SourceTitle "EXT 2024"]
[Source "ChessBase"]
[SourceDate "2023.10.10"]
[SourceVersion "1"]
[SourceVersionDate "2023.10.10"]
[SourceQuality "1"]
[WhiteTeam "Gokturk"]
[BlackTeam "Turk Hava Yollari"]
[WhiteTeamCountry "TUR"]
[BlackTeamCountry "TUR"]

1. d4 d5 2. c4 e6 3. Nf3 Nf6 4. g3 dxc4 5. Bg2 Nc6 6. Nc3 Rb8 7. Qa4 Bb4 8. 0-0 Bd7 9. Ne5 Bxc3 10. Nxd7 Qxd7 11. bxc3 b5 12. Qa3 b4 13. Qa6 Nd5 14. Qxc4 0-0 15. cxb4 Rxb4 16. Qc5 Rxd4 17. Ba3 Rc8 18. Rad1 Rxd1 19. Rxd1 Qe8 20. Rc1 Ne5 21. Bb2 Nd7 22. Qxa7 c5 23. Qa4 N7f6 24. Qxe8+ Nxe8 25. Bd4 c4 26. e4 Nb4 27. Bf1 Nxa2 28. Rxc4 Rxc4 29. Bxc4 Nb4 30. Bc5 Nc2 31. f4 Nf6 32. e5 Ne4 33. Bb6 Nb4 34. Kg2 h5 35. Ba5 Nc6 36. Be1 Nd4 37. Bd3 Nc5 38. Bb1 Nf5 39. Bf2 Nb3 40. Bc2 Nbd4 41. Ba4 g6 42. h3 Ne2 43. Kf3 Ned4+ 44. Ke4 Ne2 45. g4 hxg4 46. hxg4 Nc3+ 47. Kd3 Nxa4 48. gxf5 Nb2+ 49. Kd4 exf5 50. Bg1 f6 51. exf6 Kf7 52. Kc3 Na4+ 53. Kb4 Kxf6 54. Be3 1-0

[Event "EU-ch 23rd"]
[Site "Vrnjacka Banja"]
[Date "2023.03.11"]
[Round "9"]
[White "Yilmazyerli, Mert"]
[Black "Manafov, Vugar Gulam"]
[Result "1-0"]
[WhiteElo "2525"]
[BlackElo "2349"]
[PlyCount "51"]
[EventDate "2023.03.03"]
[EventType "swiss"]
[EventRounds "11"]
[EventCountry "SRB"]
[SourceTitle "CBM 213"]
[Source "ChessBase"]
[SourceDate "2023.04.30"]
[SourceVersion "1"]
[SourceVersionDate "2023.04.30"]
[SourceQuality "1"]

1. e4 c5 2. Nc3 e6 3. Nge2 a6 4. g3 b5 5. Bg2 Bb7 6. 0-0 Nf6 7. Re1 b4 8. Nd5 exd5 9. exd5 d6 10. Nd4+ Kd7 11. Nf3 Bxd5 12. c4 bxc3 13. dxc3 Kc8 14. c4 Bc6 15. b4 Nbd7 16. Bh3 Kc7 17. bxc5 Nxc5 18. Bd2 a5 19. Nd4 Be4 20. Bc3 Ra6 21. Nb3 Nxb3 22. axb3 d5 23. Rxa5 Qa8 24. Rb5 Qc6 25. Qd2 Bd6 26. Ba5+ 1-0

[Event "EU-ch 23rd"]
[Site "Vrnjacka Banja"]
[Date "2023.03.07"]
[Round "5"]
[White "Yilmazyerli, Mert"]
[Black "Rakhmanov, Alexander"]
[Result "1/2-1/2"]
[WhiteElo "2525"]
[BlackElo "2635"]
[PlyCount "25"]
[EventDate "2023.03.03"]
[EventType "swiss"]
[EventRounds "11"]
[EventCountry "SRB"]
[SourceTitle "CBM 213"]
[Source "ChessBase"]
[SourceDate "2023.04.30"]
[SourceVersion "1"]
[SourceVersionDate "2023.04.30"]
[SourceQuality "1"]

1. Nf3 d5 2. g3 g6 3. Bg2 Bg7 4. d4 Nf6 5. 0-0 0-0 6. c4 c6 7. cxd5 cxd5 8. Nc3 e6 9. Bf4 Bd7 10. Rc1 Qb6 11. Qd2 a5 12. Rfd1 a4 13. Ne5 1/2-1/2

[Event "EU-ch 23rd"]
[Site "Vrnjacka Banja"]
[Date "2023.03.06"]
[Round "4"]
[White "Grandelius, Nils"]
[Black "Yilmazyerli, Mert"]
[Result "1/2-1/2"]
[WhiteElo "2658"]
[BlackElo "2525"]
[PlyCount "78"]
[EventDate "2023.03.03"]
[EventType "swiss"]
[EventRounds "11"]
[EventCountry "SRB"]
[SourceTitle "CBM 213"]
[Source "ChessBase"]
[SourceDate "2023.04.30"]
[SourceVersion "1"]
[SourceVersionDate "2023.04.30"]
[SourceQuality "1"]

1. e4 e5 2. Nf3 Nf6 3. d4 Nxe4 4. Bd3 d5 5. Nxe5 Nd7 6. Nc3 Nxc3 7. bxc3 Bd6 8. 0-0 0-0 9. Re1 c5 10. Nxd7 Qxd7 11. Qh5 g6 12. Qf3 c4 13. Bh6 Rd8 14. Be2 Qf5 15. g4 Qxf3 16. Bxf3 Be6 17. a4 Bc7 18. h3 Ba5 19. Re3 a6 20. Bg2 b5 21. axb5 axb5 22. f4 b4 23. Rf1 b3 24. cxb3 cxb3 25. f5 b2 26. fxe6 fxe6 27. Rxe6 Bxc3 28. Be3 Rf8 29. Rb6 Rxf1+ 30. Kxf1 Ra1+ 31. Ke2 b1Q 32. Bxd5+ Kg7 33. Rxb1 Rxb1 34. h4 Rb2+ 35. Kd3 Be1 36. h5 gxh5 37. gxh5 Rh2 38. h6+ Rxh6 39. Bxh6+ Kxh6 1/2-1/2

[Event "TUR-ch"]
[Site "Kemer"]
[Date "2022.11.29"]
[Round "5"]
[White "Kilic, Eray"]
[Black "Yilmazyerli, Mert"]
[Result "1/2-1/2"]
[WhiteElo "2437"]
[BlackElo "2534"]
[PlyCount "87"]
[EventDate "2022.11.25"]
[EventType "tourn"]
[EventRounds "9"]
[EventCountry "TUR"]
[EventCategory "5"]
[SourceTitle "CBM 211 Extra"]
[Source "ChessBase"]
[SourceDate "2023.01.31"]
[SourceVersion "1"]
[SourceVersionDate "2023.01.31"]
[SourceQuality "1"]

1. e4 c6 2. Nc3 d5 3. Nf3 Bg4 4. h3 Bxf3 5. Qxf3 e6 6. d4 Nf6 7. Bd3 dxe4 8. Nxe4 Qxd4 9. c3 Qd8 10. 0-0 Nbd7 11. Rd1 Be7 12. Bf4 Nxe4 13. Bxe4 Qc8 14. Qg3 Nf6 15. Bf3 0-0 16. Bh6 Ne8 17. Rd2 Kh8 18. Be3 Nf6 19. Rad1 Rd8 20. Rxd8+ Bxd8 21. Qd6 Bb6 22. Bxb6 axb6 23. Qe7 Kg8 24. c4 h6 25. a4 Qb8 26. b3 e5 27. g3 e4 28. Bxe4 Qe8 29. Qxe8+ Rxe8 30. Bf3 Kf8 31. b4 Ke7 32. b5 Rc8 33. bxc6 bxc6 34. Rb1 Nd7 35. Bg4 Rc7 36. Bxd7 Kxd7 37. Rxb6 Ra7 38. c5 Rxa4 39. Rb7+ Ke6 40. Rc7 Rc4 41. Rxc6+ Kd7 42. Rd6+ Ke7 43. Rc6 Kd7 44. Rd6+ 1/2-1/2

[Event "SRB-chT Premier"]
[Site "Vrnjacka Banja"]
[Date "2022.09.26"]
[Round "7.4"]
[White "Demchenko, Anton"]
[Black "Yilmazyerli, Mert"]
[Result "1-0"]
[WhiteElo "2645"]
[BlackElo "2533"]
[PlyCount "77"]
[EventDate "2022.09.20"]
[EventType "team-tourn"]
[EventRounds "11"]
[EventCountry "SRB"]
[SourceTitle "CBM 210 Extra"]
[Source "ChessBase"]
[SourceDate "2022.11.30"]
[SourceVersion "1"]
[SourceVersionDate "2022.11.30"]
[SourceQuality "1"]
[WhiteTeam "Kac Jugovic"]
[BlackTeam "Lucani Mladost"]
[WhiteTeamCountry "SRB"]
[BlackTeamCountry "SRB"]

1. e4 c5 2. Nf3 Nc6 3. Bb5 e6 4. Bxc6 bxc6 5. d3 Ne7 6. Nbd2 d6 7. e5 Nf5 8. exd6 Bxd6 9. Ne4 Be7 10. Ne5 Qc7 11. Bf4 Qb7 12. Nc4 0-0 13. Qd2 f6 14. Be3 Nd4 15. f4 e5 16. 0-0-0 exf4 17. Bxf4 Be6 18. c3 Bxc4 19. dxc4 Ne6 20. Nd6 Bxd6 21. Bxd6 Rfe8 22. Rhe1 Rad8 23. Qc2 Qf7 24. Qf5 Ng5 25. h4 g6 26. Rxe8+ Qxe8 27. Qf4 Ne4 28. Re1 f5 29. Bxc5 Qf7 30. Be3 Qxc4 31. Qc7 Qd5 32. Qxa7 c5 33. Qe7 Rd7 34. Qe8+ Kg7 35. Bf4 Qd3 36. g4 Nf6 37. Bh6+ Kxh6 38. Qf8+ Rg7 39. Qxf6 1-0

[Event "SRB-chT Premier"]
[Site "Vrnjacka Banja"]
[Date "2022.09.21"]
[Round "2.6"]
[White "Yilmazyerli, Mert"]
[Black "Sarana, Alexey"]
[Result "1/2-1/2"]
[WhiteElo "2533"]
[BlackElo "2662"]
[PlyCount "76"]
[EventDate "2022.09.20"]
[EventType "team-tourn"]
[EventRounds "11"]
[EventCountry "SRB"]
[SourceTitle "CBM 210 Extra"]
[Source "ChessBase"]
[SourceDate "2022.11.30"]
[SourceVersion "1"]
[SourceVersionDate "2022.11.30"]
[SourceQuality "1"]
[WhiteTeam "Lucani Mladost"]
[BlackTeam "Pozega"]
[WhiteTeamCountry "SRB"]
[BlackTeamCountry "SRB"]

1. Nf3 d5 2. g3 g6 3. Bg2 Bg7 4. d4 c6 5. c4 dxc4 6. 0-0 Nf6 7. a4 Be6 8. Ng5 Bd5 9. e4 h6 10. exd5 hxg5 11. dxc6 Nxc6 12. Bxg5 Nxd4 13. Na3 0-0 14. Nxc4 Rc8 15. Rc1 Nd5 16. Re1 Rc5 17. Ne3 Rxc1 18. Qxc1 Nxe3 19. Bxe3 Qd7 20. Qd1 Rd8 21. h4 Qf5 22. Bxd4 Rxd4 23. Qf3 e6 24. Qxf5 gxf5 25. b3 Rd2 26. Kf1 b6 27. Re2 Rd3 28. Re3 Rd2 29. Re2 Rd7 30. Bf3 Rc7 31. Rd2 Bf8 32. Be2 Bb4 33. Rd8+ Kg7 34. Bc4 Be7 35. Rd2 a5 36. Kg2 Kf6 37. f3 Rc8 38. Rd7 Rd8 1/2-1/2

[Event "TUR-chT"]
[Site "Ankara"]
[Date "2022.08.20"]
[Round "5.5"]
[White "Yilmazyerli, Mert"]
[Black "Dudin, Gleb"]
[Result "1-0"]
[WhiteElo "2520"]
[BlackElo "2480"]
[PlyCount "83"]
[EventDate "2022.08.16"]
[EventType "team-tourn"]
[EventRounds "13"]
[EventCountry "TUR"]
[SourceTitle "CBM 209 Extra"]
[Source "ChessBase"]
[SourceDate "2022.09.30"]
[SourceVersion "1"]
[SourceVersionDate "2022.09.30"]
[SourceQuality "1"]
[WhiteTeam "Bayegan Pendik"]
[BlackTeam "Burhaniye"]
[WhiteTeamCountry "TUR"]
[BlackTeamCountry "TUN"]

1. Nf3 d5 2. g3 Bg4 3. Bg2 c6 4. c4 e6 5. Qb3 Qb6 6. 0-0 Nf6 7. d3 Nbd7 8. Be3 Qxb3 9. axb3 a6 10. h3 Bxf3 11. Bxf3 Bd6 12. Nc3 Ke7 13. d4 Ne8 14. Kh1 h5 15. h4 f5 16. Bg5+ Nef6 17. Bg2 Kf7 18. f3 Bxg3 19. cxd5 cxd5 20. e4 Bb8 21. Rac1 Nb6 22. Na4 Nxa4 23. bxa4 Nh7 24. exd5 Nxg5 25. hxg5 Bf4 26. dxe6+ Kxe6 27. Rc4 Kd6 28. Rb4 Rac8 29. d5 Be3 30. Rxb7 Rc2 31. f4 Rhc8 32. Rxg7 R8c4 33. Rg6+ Kd7 34. Rc6 h4 35. g6 Bd4 36. Bh3 Rxc6 37. Bxf5+ Kc7 38. dxc6 Rd2 39. b4 Kxc6 40. Bg4 Rb2 41. Rc1+ Kb6 42. Rd1 1-0